ORGANIZING AUDIOVISUAL AND ELECTRONIC RESOURCES FOR ACCESS (Record no. 209681)

MARC details
000 -LEADER
fixed length control field 00563nam a22001697a 4500
008 - FIXED-LENGTH DATA ELEMENTS--GENERAL INFORMATION
fixed length control field 240402b |||||||| |||| 00| 0 eng d
020 ## - INTERNATIONAL STANDARD BOOK NUMBER
International Standard Book Number 1-59158-051-X
050 ## - LIBRARY OF CONGRESS CALL NUMBER
Classification number Z 695.615 H795 2006
Item number C.1
100 ## - MAIN ENTRY--PERSONAL NAME
Personal name HSIEH-YEE INGRID
245 ## - TITLE STATEMENT
Title ORGANIZING AUDIOVISUAL AND ELECTRONIC RESOURCES FOR ACCESS
Remainder of title A CATALOGING GUIDE
250 ## - EDITION STATEMENT
Edition statement SECOND EDITION
260 ## - PUBLICATION, DISTRIBUTION, ETC.
Place of publication, distribution, etc. LONDON
Name of publisher, distributor, etc. LIBRARIES UNLIMITED
Date of publication, distribution, etc. 2006
300 ## - PHYSICAL DESCRIPTION
Extent XIX,376P
500 ## - GENERAL NOTE
General note INCLUDES BIBLIOGRAPHICAL REFERENCES AND INDEX
650 ## - SUBJECT ADDED ENTRY
Topical term or geographic name entry element CATALOGUING OF AUDIO- VISUAL MATERIALS
942 ## - ADDED ENTRY ELEMENTS (KOHA)
Source of classification or shelving scheme Library of Congress Classification
Koha item type Short Loan Book
Holdings
Withdrawn status Lost status Source of classification or shelving scheme Damaged status Not for loan Collection Home library Current library Date acquired Inventory number Total checkouts Full call number Barcode Date last seen Copy number Price effective from Koha item type
    Library of Congress Classification     Reserve Kisii University Library Kisii University Library 04/02/2024 28582   Z 695.615H795 2006 001045 04/02/2024 C.1 04/02/2024 Short Loan Book